000 01499nam a2200481 c 4500
001 44991
003 ES-MaCES
005 20150925142055.0
008 000000s2014 sp 000 | spa d
017 _aB 308-2014
_bDL
020 _a9788498926682
040 _aES-MaCES
_bspa
_cES-MaCES
041 1 _aspa
_heng
100 _935134
_aBlyth, Mark
245 1 0 _aAusteridad
_b: historia de una idea peligrosa
_cMark Blyth ; trad. de Tomás Fernández Aúz y Beatriz Eguibar
246 1 3 _aAuterity of a dangerous idea
250 _a1ª ed
260 _aBarcelona
_bCrítica
_c2014
300 _a542 p., [1 p.]
_c23 cm
490 1 _aLetras de crítica
500 _aTraducción de: Auterity of a dangerous idea
500 _aÍndices
541 _cCompra
650 4 _acrisis económica
_927102
650 4 _apérdida financiera
_928136
650 4 _apolítica económica
_927025
650 4 _aactividad bancaria
_928105
650 4 _amercado financiero
_928150
650 4 _adeuda
_928111
650 4 _aEstados Unidos
_928373
650 4 _aEuropa
_926940
650 4 _aanálisis económico
_927070
650 4 _a1692-2012
_935135
650 4 _ahistoria
_927251
653 1 0 _aCondiciones económicas
650 4 _928086
_aimpuesto
700 1 _aFernández Aúz, Tomás
_911771
_etr.
700 1 _aEguibar, Beatriz
_etr.
_911182
830 0 _aLetras de crítica
_934452
902 _aLIB Libro
942 _2CES
_cBK
_h0.0.
999 _c44991
_d44991